00248 a2200109 4500001000700000020000600007040001100013100000600024240005200030245004700082362000900129181755 a  cMagnum a-10aHistoria geral da arte/artes decorativas 1lpor10aHistoria geral da arte/artes decorativas 10 a1899